<?xml version="1.0" encoding="UTF-8"?>
<collection xmlns="http://www.loc.gov/MARC21/slim">
 <record>
  <leader>01593nam a2200313   4500</leader>
  <controlfield tag="001">000012752</controlfield>
  <controlfield tag="003">9067</controlfield>
  <controlfield tag="005">20120228090203.0</controlfield>
  <controlfield tag="008">120228s2011                        viesd</controlfield>
  <datafield tag="041" ind1=" " ind2=" ">
   <subfield code="a">vie</subfield>
  </datafield>
  <datafield tag="072" ind1=" " ind2=" ">
   <subfield code="a">Công trình nghiên cứu khoa học</subfield>
  </datafield>
  <datafield tag="082" ind1=" " ind2=" ">
   <subfield code="a">613.9071</subfield>
   <subfield code="b">NHÂ</subfield>
  </datafield>
  <datafield tag="100" ind1=" " ind2=" ">
   <subfield code="a">Phạm, Thị Ngọc Nho</subfield>
  </datafield>
  <datafield tag="245" ind1=" " ind2=" ">
   <subfield code="a">Nhận thức về giáo dục giới tính - sức khỏe sinh sản của sinh viên trường ĐH Sư Phạn - ĐH Đà Nẵng</subfield>
   <subfield code="c">Phạm Thị Ngọc Nho, Đỗ Thị Hồng, Trần Thị Liễu, Lê Văn Chùy, Nguyễn Thủ Tuyên</subfield>
  </datafield>
  <datafield tag="260" ind1=" " ind2=" ">
   <subfield code="a">Đại học Đà Nẵng</subfield>
   <subfield code="b">Trường Đại Học Sư Phạm</subfield>
   <subfield code="c">2011</subfield>
  </datafield>
  <datafield tag="300" ind1=" " ind2=" ">
   <subfield code="a">42 tr.</subfield>
   <subfield code="b">hình mhọa</subfield>
   <subfield code="c">29 cm</subfield>
  </datafield>
  <datafield tag="490" ind1=" " ind2=" ">
   <subfield code="a">Báo cáo nghiên cứu khoa học. Chuyên ngành : Giáo dục chính trị</subfield>
  </datafield>
  <datafield tag="500" ind1=" " ind2=" ">
   <subfield code="a">Tham khảo tr.41 + phụ lục [7 tr.]</subfield>
  </datafield>
  <datafield tag="520" ind1=" " ind2=" ">
   <subfield code="a">Cơ sở lí luận của đề tài. Thực trạng nhận thức về giáo dục giới tính - sức khỏe sinh sản của sinh viên trường ĐH Sư Phạn - ĐH Đà Nẵng. Các biện pháp hình thành, nâng cao nhận thức về giáo dục giới tính - sức khỏe sinh sản của sinh viên trường ĐH Sư Phạn - ĐH Đà Nẵng</subfield>
  </datafield>
  <datafield tag="653" ind1=" " ind2=" ">
   <subfield code="a">giáo dục giới tính</subfield>
   <subfield code="a">sinh viên Sư phạm</subfield>
   <subfield code="a">sức khỏe sinh sản</subfield>
  </datafield>
  <datafield tag="700" ind1=" " ind2=" ">
   <subfield code="a">Bùi, Văn Vân</subfield>
   <subfield code="c">Th.S</subfield>
   <subfield code="e">Hướng dẫn</subfield>
  </datafield>
  <datafield tag="OWN" ind1=" " ind2=" ">
   <subfield code="a">LSP</subfield>
  </datafield>
  <datafield tag="999" ind1=" " ind2=" ">
   <subfield code="a">From the UDN01</subfield>
  </datafield>
  <datafield tag="TYP" ind1=" " ind2=" ">
   <subfield code="a">Monograph</subfield>
  </datafield>
  <datafield tag="TYP" ind1=" " ind2=" ">
   <subfield code="a">Printed language</subfield>
  </datafield>
  <datafield tag="980" ind1=" " ind2=" ">
   <subfield code="a">Mạng thư viện Đại học Đà Nẵng</subfield>
  </datafield>
 </record>
</collection>
